| 000 | 00718nam a22002177a 4500 | ||
|---|---|---|---|
| 003 | 0 | ||
| 005 | 20250925080941.0 | ||
| 008 | 250925b xxu||||| |||| 00| 0 eng d | ||
| 020 | _a978-1-77956-280-7 | ||
| 050 |
_aHD 30.2 _b.A55 2025 |
||
| 100 |
_aAjibade, John, _eauthor. |
||
| 245 |
_aBusiness information systems / _cJohn Ajibade. |
||
| 260 |
_aCanada : _bToronto Academic Press, _c2025. |
||
| 300 |
_axi, 219 pages : _bcolored illustrations ; _c26 cm. |
||
| 504 | _aIncludes bibliographical references and index. | ||
| 650 | _aManagement information systems. | ||
| 650 |
_aBusiness _xData processing. |
||
| 650 |
_aInformation technology _xManagement. |
||
| 650 | _aDecision support systems. | ||
| 942 |
_2lcc _cBK |
||
| 999 |
_c368086 _d368086 |
||